LEADER 01406nas 2200445-- 450 001 9910892909903321 005 20260218110407.0 011 $a0334-441X 035 $a(DE-599)ZDB2195240-1 035 $a(CKB)991042748184860 035 $a(CONSER)sn-89011115- 035 $a(DE-599)2195240-1 035 $a(EXLCZ)99991042748184860 100 $a20760723b19702001 --- a 101 0 $aeng 181 $ctxt$2rdacontent 182 $cc$2rdamedia 200 10$aEconomic review 210 $aJerusalem$cBan? Yi?ra'el, Ma?le?et ha-me??ar 215 $a1 online resource 311 08$aPrint version: Banking review 0792-0385 (DLC)sn 89011115 (OCoLC)2329076 517 3 $aBank of Israel economic review 531 0 $aEcon. rev. 606 $aFinance$zIsrael$vPeriodicals 606 $aEconomic history$2fast$3(OCoLC)fst00901974 606 $aFinance$2fast$3(OCoLC)fst00924349 606 $aEconomische situatie$2gtt 607 $aIsrael$xEconomic conditions$vPeriodicals 607 $aIsrael$2fast$1https://id.oclc.org/worldcat/entity/E39PBJdgWx83Xb7cjjrMXBJYyd 608 $aPeriodicals.$2fast 615 0$aFinance 615 7$aEconomic history. 615 7$aFinance. 615 17$aEconomische situatie. 676 $a332.11 906 $aJOURNAL 912 $a9910892909903321 920 $aexl_impl conversion 996 $aEconomic review$9797978 997 $aUNINA